[Event "Pepe Cuenca Invitational"]
[Site "chess24.com INT"]
[Date "2020.04.14"]
[EventDate "2020.04.12"]
[Round "2.4"]
[Result "1-0"]
[White "Jan-Krzysztof Duda"]
[Black "Vladislav Artemiev"]
[WhiteElo "2753"]
[BlackElo "2716"]
[PlyCount "57"]

1. e4 d5 2. exd5 Qxd5 3. Nf3 Bg4 4. Be2 Nc6 5. h3 Bxf3 6. Bxf3
Qd7 7. Nc3 O-O-O 8. d3 e6 9. g3 Nge7 10. O-O Nf5 11. Rb1 Bc5
12. Ne4 Bb6 13. b4 h5 14. a4 h4 15. a5 Bd4 16. c3 hxg3
17. cxd4 Qxd4 18. a6 b6 19. Bg2 Nxb4 20. Bb2 gxf2+ 21. Nxf2
Qe3 22. Re1 Qg3 23. Be5 Qh4 24. Re4 Qg5 25. Rbxb4 Ne3 26. Qf3
Nxg2 27. Qxg2 Qc1+ 28. Kh2 Rd5 29. Rbc4 1-0

[Event "Pepe Cuenca Invitational"]
[Site "chess24.com INT"]
[Date "2020.04.14"]
[EventDate "2020.04.12"]
[Round "2.5"]
[Result "1-0"]
[White "Vladislav Artemiev"]
[Black "Jan-Krzysztof Duda"]
[WhiteElo "2716"]
[BlackElo "2753"]
[PlyCount "61"]

1. c4 e5 2. Nc3 Nf6 3. Nf3 Nc6 4. g3 Bb4 5. Bg2 d6 6. O-O O-O
7. d3 h6 8. a3 Bxc3 9. bxc3 e4 10. Nd4 Re8 11. h3 Bd7 12. Nc2
Qc8 13. Kh2 Ne5 14. Ne3 exd3 15. exd3 Bc6 16. f4 Bxg2 17. Kxg2
Ned7 18. g4 Nh7 19. Qf3 Nc5 20. Nf5 Qe6 21. Be3 Nxd3 22. Bd4
Qxc4 23. Bxg7 Re2+ 24. Kg3 Rae8 25. Bd4 Ne1 26. Raxe1 Rxe1
27. Rxe1 Rxe1 28. Qxb7 Qd3+ 29. Kh4 Nf8 30. Qc8 Re6 31. Bg7
1-0

[Event "Pepe Cuenca Invitational"]
[Site "chess24.com INT"]
[Date "2020.04.14"]
[EventDate "2020.04.12"]
[Round "2.6"]
[Result "0-1"]
[White "Jan-Krzysztof Duda"]
[Black "Vladislav Artemiev"]
[WhiteElo "2753"]
[BlackElo "2716"]
[PlyCount "96"]

1. e4 c5 2. Nf3 d6 3. d4 cxd4 4. Nxd4 Nf6 5. Nc3 a6 6. Be3 Ng4
7. Bg5 h6 8. Bh4 g5 9. Bg3 Bg7 10. Be2 h5 11. Bxg4 Bxg4 12. f3
Be6 13. Bf2 Nc6 14. h4 Qa5 15. Qd2 gxh4 16. O-O-O Bxa2 17. Nf5
Bxc3 18. Qxc3 Qxc3 19. bxc3 Be6 20. Rxh4 Kd7 21. Ne3 Ne5
22. Rdh1 Rac8 23. Be1 Rc5 24. Kd1 Ng6 25. R4h2 a5 26. c4 Bxc4
27. Bxa5 Rxa5 28. Nxc4 Rc5 29. Ne3 h4 30. Nd5 e6 31. Ne3 Ra8
32. Kd2 Ra2 33. Rb1 b5 34. Rb4 Kc6 35. Rh1 Ra4 36. Rb3 d5
37. exd5+ exd5 38. Nf5 Rf4 39. Nh6 d4 40. Ra3 Rg5 41. Rh2 Ne5
42. Ra6+ Kc5 43. Kd1 h3 44. Rxh3 Rxg2 45. Rh5 f6 46. Nf7 Rxf3
47. Kc1 d3 48. Nxe5 Rxc2+ 0-1

[Event "Pepe Cuenca Invitational"]
[Site "chess24.com INT"]
[Date "2020.04.14"]
[EventDate "2020.04.12"]
[Round "2.7"]
[Result "1/2-1/2"]
[White "Vladislav Artemiev"]
[Black "Jan-Krzysztof Duda"]
[WhiteElo "2716"]
[BlackElo "2753"]
[PlyCount "95"]

1. d4 Nf6 2. Nf3 d5 3. e3 e6 4. Bd3 Bd6 5. O-O O-O 6. Nbd2 b6
7. e4 Be7 8. e5 Nfd7 9. Re1 Ba6 10. Bxa6 Nxa6 11. Nf1 c5
12. c3 Rc8 13. a3 cxd4 14. cxd4 Qc7 15. Bg5 Bxg5 16. Nxg5 Qc2
17. Ne3 Qxd1 18. Raxd1 h6 19. Nh3 Rc6 20. f4 g6 21. g4 f5
22. gxf5 gxf5 23. Kf2 Kf7 24. Rg1 b5 25. Rg3 Rg8 26. Rdg1 Rxg3
27. hxg3 b4 28. g4 fxg4 29. Rxg4 bxa3 30. bxa3 Rc3 31. f5 exf5
32. Rh4 Nc7 33. Nf4 Rxa3 34. Rxh6 Ra4 35. Nxf5 Nxe5 36. Ne3
Rxd4 37. Rh7+ Kg8 38. Rxc7 Rxf4+ 39. Ke2 Re4 40. Kd2 a5
41. Rc8+ Kf7 42. Rc5 d4 43. Nf5 Ke6 44. Ng7+ Kf6 45. Nh5+ Ke6
46. Ng7+ Kf7 47. Nf5 Ke6 48. Ng7+ 1/2-1/2

[Event "Pepe Cuenca Invitational"]
[Site "chess24.com INT"]
[Date "2020.04.14"]
[EventDate "2020.04.12"]
[Round "2.8"]
[Result "1/2-1/2"]
[White "Jan-Krzysztof Duda"]
[Black "Vladislav Artemiev"]
[WhiteElo "2753"]
[BlackElo "2716"]
[PlyCount "100"]

1. c4 e5 2. Nc3 Nf6 3. Nf3 Nc6 4. e3 g6 5. d4 exd4 6. exd4 Bg7
7. d5 Ne7 8. Be2 O-O 9. O-O d6 10. h3 Re8 11. Re1 Nf5 12. Qc2
Nd7 13. Bg5 Nd4 14. Qd2 Bf6 15. Bxf6 Nxf3+ 16. Bxf3 Nxf6
17. Qd4 Nd7 18. g4 Ne5 19. Bg2 Qf6 20. Re4 g5 21. f4 gxf4
22. Rxf4 Qg7 23. Raf1 h5 24. Kh1 hxg4 25. Ne4 f5 26. Ng3 Ng6
27. Qxg7+ Kxg7 28. Nxf5+ Bxf5 29. Rxf5 Ne5 30. hxg4 Rh8+
31. Kg1 Rh4 32. R1f4 Rah8 33. c5 Kg6 34. cxd6 cxd6 35. Rf6+
Kg5 36. R4f5+ Kxg4 37. Be4 Kg3 38. Rg5+ Rg4 39. Rxg4+ Kxg4
40. Rxd6 Kf4 41. Bg2 Rc8 42. Rf6+ Ke3 43. Re6 Kf4 44. Re7 Rc1+
45. Kh2 Rc2 46. Rxb7 Nf3+ 47. Kh3 Ng5+ 48. Kh2 Nf3+ 49. Kh3
Ng5+ 50. Kh2 Nf3+ 1/2-1/2

[Event "Pepe Cuenca Invitational"]
[Site "chess24.com INT"]
[Date "2020.04.14"]
[EventDate "2020.04.12"]
[Round "2.9"]
[Result "1-0"]
[White "Vladislav Artemiev"]
[Black "Jan-Krzysztof Duda"]
[WhiteElo "2716"]
[BlackElo "2753"]
[PlyCount "151"]

1. Nf3 Nf6 2. b3 d5 3. Bb2 c5 4. e3 Nc6 5. Bb5 Bd7 6. O-O e6
7. d4 Rc8 8. Nbd2 cxd4 9. exd4 a6 10. Be2 Be7 11. a3 O-O
12. Bd3 Na7 13. Ne5 Bb5 14. c4 dxc4 15. bxc4 Be8 16. Qe2 b5
17. Rac1 bxc4 18. Bxc4 Bb5 19. a4 Bxa4 20. Nxf7 Rxf7 21. Qxe6
Rxc4 22. Nxc4 Bb5 23. Ne5 Qd5 24. Qxf7+ Qxf7 25. Nxf7 Kxf7
26. Rfe1 Nc6 27. d5 Nxd5 28. Rcd1 Ncb4 29. Re4 Bf8 30. Red4
Nf6 31. h3 Nc6 32. Rf4 Be7 33. g4 h6 34. h4 g5 35. hxg5 hxg5
36. Rf5 Be2 37. Re1 Bxg4 38. Rxe7+ Kxe7 39. Rxf6 Bd7 40. Rg6
g4 41. Ba3+ Kd8 42. Bd6 Bf5 43. Rg7 Be4 44. Rxg4 Bf5 45. Rg7
a5 46. Kg2 a4 47. Kg3 Nd4 48. Be5 Ne6 49. Ra7 Bc2 50. Kg4 Nc5
51. f4 Nd3 52. Bd4 Nb4 53. f5 Nc6 54. Bb6+ Ke8 55. Rc7 Ne5+
56. Kf4 Nd3+ 57. Kg5 Bb3 58. f6 a3 59. Re7+ Kf8 60. Bc7 a2
61. Bd6 Kg8 62. Rg7+ Kh8 63. Ra7 Kg8 64. Kg6 Bf7+ 65. Kg5 Nf2
66. Kf4 Nd3+ 67. Kf5 Ne1 68. Be5 Nc2 69. Bc3 Bc4 70. Rg7+ Kf8
71. Ra7 Kg8 72. Kg6 Bd3+ 73. Kh6 Bc4 74. f7+ Bxf7 75. Ra8+ Be8
76. Rxe8+ 1-0

[Event "Pepe Cuenca Invitational"]
[Site "chess24.com INT"]
[Date "2020.04.14"]
[EventDate "2020.04.12"]
[Round "2.10"]
[Result "1/2-1/2"]
[White "Jan-Krzysztof Duda"]
[Black "Vladislav Artemiev"]
[WhiteElo "2753"]
[BlackElo "2716"]
[PlyCount "101"]

1. c4 e5 2. Nc3 Nf6 3. Nf3 Nc6 4. g3 g6 5. Bg2 Bg7 6. d3 O-O
7. O-O Re8 8. Rb1 e4 9. Nxe4 Nxe4 10. dxe4 Rxe4 11. b3 d6
12. Bb2 Bf5 13. Bxg7 Kxg7 14. Rb2 Qf6 15. Rd2 Re7 16. e3 Be4
17. Qe2 a5 18. Rfd1 a4 19. Nd4 axb3 20. axb3 Bxg2 21. Kxg2 Ra3
22. Nxc6 bxc6 23. Rd3 Re8 24. b4 Ra4 25. c5 d5 26. Rd4 Rea8
27. Rf4 Qe5 28. Qf3 f5 29. Rdd4 Ra2 30. g4 Rf8 31. Qg3 Raa8
32. h4 Kh8 33. Qf3 Kg8 34. Qg3 Rae8 35. Kg1 fxg4 36. Rxf8+
Kxf8 37. Qxg4 Re6 38. Rf4+ Kg7 39. Kg2 Re7 40. Qc8 Rf7
41. Rxf7+ Kxf7 42. Qd7+ Kg8 43. Qxc6 Qe4+ 44. Kg3 Qe5+ 45. Kg2
Qe4+ 46. Kg1 Qg4+ 47. Kf1 Qd1+ 48. Kg2 Qg4+ 49. Kf1 Qd1+
50. Kg2 Qg4+ 51. Kf1 1/2-1/2

[Event "Pepe Cuenca Invitational"]
[Site "chess24.com INT"]
[Date "2020.04.14"]
[EventDate "2020.04.12"]
[Round "2.11"]
[Result "1/2-1/2"]
[White "Vladislav Artemiev"]
[Black "Jan-Krzysztof Duda"]
[WhiteElo "2716"]
[BlackElo "2753"]
[PlyCount "138"]

1. Nf3 Nf6 2. c4 e6 3. Nc3 d5 4. e3 Be7 5. b3 O-O 6. Bb2 c5
7. cxd5 exd5 8. d4 Nc6 9. Be2 Ne4 10. O-O Bf6 11. Rc1 cxd4
12. Nxe4 dxe4 13. Nxd4 Nxd4 14. Bxd4 Bxd4 15. Qxd4 Qxd4
16. exd4 Rd8 17. Rfd1 Be6 18. Rc7 Rd7 19. Rxd7 Bxd7 20. f3
exf3 21. Bxf3 Rb8 22. Rc1 Rc8 23. Rxc8+ Bxc8 24. Kf2 Kf8
25. Ke3 Ke7 26. h4 Kd6 27. g3 b6 28. Be4 h6 29. b4 Be6 30. a3
Bd5 31. Bd3 Ke6 32. Kf4 Kf6 33. Bc2 Ke6 34. Bf5+ Kd6 35. Bd3
Bb3 36. Be4 a5 37. bxa5 bxa5 38. Bf3 Bc4 39. Ke3 Kc7 40. Kf4
Kd6 41. Ke3 Bb5 42. Be4 Bd7 43. Bc2 Be6 44. Be4 Bd5 45. Bd3
Ke6 46. Bc2 Kf6 47. Kf4 g5+ 48. hxg5+ hxg5+ 49. Ke3 Ke6
50. Bd3 f5 51. Ba6 Kd7 52. Bd3 Ke6 53. Ba6 Kf6 54. Bd3 Be6
55. Bc2 Ke7 56. Bd3 Kd6 57. Bc2 Bc8 58. Bb1 Bd7 59. Bc2 Be6
60. Bb1 Bc8 61. Bc2 Bd7 62. Bb1 f4+ 63. gxf4 gxf4+ 64. Kxf4
Kd5 65. Ke3 Kc4 66. d5 Kxd5 67. Kd2 Kc4 68. Ba2+ Kd4 69. Kc2
Kc5 1/2-1/2

[Event "Pepe Cuenca Invitational"]
[Site "chess24.com INT"]
[Date "2020.04.14"]
[EventDate "2020.04.12"]
[Round "2.12"]
[Result "1-0"]
[White "Jan-Krzysztof Duda"]
[Black "Vladislav Artemiev"]
[WhiteElo "2753"]
[BlackElo "2716"]
[PlyCount "61"]

1. e4 c6 2. d4 d5 3. Nc3 dxe4 4. Nxe4 Nf6 5. Nxf6+ exf6 6. c3
Bd6 7. Bd3 Be6 8. Ne2 Qc7 9. Qc2 Nd7 10. Be3 O-O-O 11. O-O-O
Rhe8 12. g3 g6 13. Kb1 Bg4 14. Qa4 Bxe2 15. Bxe2 Kb8 16. Qb3
Nb6 17. Bf3 f5 18. Bg5 Be7 19. Bc1 Bf8 20. Rd3 Ka8 21. Rhd1
Rd7 22. c4 Qd8 23. Be3 Qe7 24. d5 cxd5 25. c5 Nc4 26. Qxc4
dxc4 27. Rxd7 Qf6 28. Rxb7 Re4 29. Rdd7 Bg7 30. Bf4 Rxf4
31. Rxa7+ 1-0

[Event "Pepe Cuenca Invitational"]
[Site "chess24.com INT"]
[Date "2020.04.14"]
[EventDate "2020.04.12"]
[Round "2.13"]
[Result "1/2-1/2"]
[White "Vladislav Artemiev"]
[Black "Jan-Krzysztof Duda"]
[WhiteElo "2716"]
[BlackElo "2753"]
[PlyCount "92"]

1. Nf3 Nf6 2. b3 d5 3. Bb2 e6 4. g3 Be7 5. Bg2 O-O 6. O-O c5
7. c4 Nc6 8. cxd5 Nxd5 9. d4 cxd4 10. Nxd4 Nxd4 11. Qxd4 Bf6
12. Qd2 Nf4 13. gxf4 Qxd2 14. Nxd2 Bxb2 15. Rad1 Rb8 16. Nc4
Bf6 17. Ne5 Rd8 18. e3 Kf8 19. Rxd8+ Bxd8 20. Rd1 Bf6 21. Rc1
Bxe5 22. fxe5 a5 23. Rc7 b6 24. Ra7 b5 25. Rxa5 Bd7 26. Ra7
Be8 27. b4 Rc8 28. Bf3 Rc2 29. Ra6 Ke7 30. a3 h6 31. Kg2 Rc3
32. Kg3 Rc2 33. Ra7+ Kf8 34. Be4 Rc3 35. h4 Rc4 36. Bd3 Rc3
37. Be2 Rc2 38. Bf3 Rc3 39. Ra5 Rc2 40. Be4 Rc3 41. Bg2 Rc1
42. Bf3 Rc2 43. Bg4 Rd2 44. Bh3 Rd1 45. Bg2 Rc1 46. Bf3 Rc2
1/2-1/2

[Event "Pepe Cuenca Invitational"]
[Site "chess24.com INT"]
[Date "2020.04.14"]
[EventDate "2020.04.12"]
[Round "2.14"]
[Result "1-0"]
[White "Jan-Krzysztof Duda"]
[Black "Vladislav Artemiev"]
[WhiteElo "2753"]
[BlackElo "2716"]
[PlyCount "99"]

1. c4 e5 2. Nc3 Nf6 3. Nf3 Nc6 4. e3 Bb4 5. Qc2 Bxc3 6. Qxc3
Qe7 7. d4 exd4 8. Nxd4 Nxd4 9. Qxd4 c5 10. Qf4 d5 11. b3 g5
12. Qxg5 Rg8 13. Qf4 Rg4 14. Qf3 Qe5 15. Rb1 Bf5 16. Bb2 d4
17. Qxb7 Be4 18. Qb5+ Kf8 19. Rd1 Re8 20. Ba3 Rc8 21. exd4 Qe6
22. Bxc5+ Kg8 23. d5 Bxd5+ 24. Be3 Bxg2 25. Bxg2 Rxg2 26. Qb7
Rg4 27. Rd6 Qxd6 28. Qxc8+ Kg7 29. Qf5 Qa3 30. Qc2 Qa5+
31. Kd1 Qe5 32. Re1 Ne4 33. f3 Qa1+ 34. Qc1 Qxa2 35. fxg4
Qxb3+ 36. Ke2 Nc3+ 37. Kf3 Qb7+ 38. Kf2 Ne4+ 39. Ke2 Qd7
40. Qb2+ f6 41. Qd4 Qe6 42. Kd3 Ng5 43. Rb1 Qc6 44. Rb5 Ne6
45. Qd5 Qe8 46. Rb7+ Kh8 47. Qe4 Qd8+ 48. Kc2 Nf8 49. Bh6 Ng6
50. Qd5 1-0

[Event "Pepe Cuenca Invitational"]
[Site "chess24.com INT"]
[Date "2020.04.16"]
[EventDate "2020.04.12"]
[Round "3.2"]
[Result "1/2-1/2"]
[White "Peter Svidler"]
[Black "Jan-Krzysztof Duda"]
[WhiteElo "2723"]
[BlackElo "2753"]
[PlyCount "110"]

1. e4 e5 2. Nf3 Nf6 3. Nxe5 d6 4. Nf3 Nxe4 5. d4 d5 6. Bd3 Bf5
7. O-O Be7 8. Re1 O-O 9. c4 Nc6 10. Nc3 Nxc3 11. bxc3 Bxd3
12. Qxd3 dxc4 13. Qxc4 Bd6 14. Rb1 Rb8 15. Qd3 Qf6 16. c4 b6
17. Be3 Rfe8 18. h3 Qg6 19. Qxg6 hxg6 20. c5 bxc5 21. dxc5 Bf8
22. Rxb8 Rxb8 23. Rd1 Rd8 24. Rxd8 Nxd8 25. Ne5 g5 26. Kf1 f6
27. Nd3 Kf7 28. f4 gxf4 29. Nxf4 Ne6 30. Nd3 Ke8 31. Ke2 Kd7
32. c6+ Kxc6 33. Bxa7 Kd5 34. Be3 Bd6 35. g4 c5 36. h4 c4
37. Nf2 Ba3 38. h5 Nc7 39. g5 fxg5 40. Bxg5 Nb5 41. Kd2 Bb4+
42. Kc1 c3 43. Nd3 Ba3+ 44. Kc2 Kc4 45. Ne5+ Kd5 46. Nd3 Kd4
47. h6 gxh6 48. Bxh6 Bd6 49. Bg7+ Kc4 50. Ne5+ Bxe5 51. Bxe5
Na3+ 52. Kc1 Kd3 53. Bxc3 Kxc3 54. Kd1 Kb2 55. Ke2 Kxa2
1/2-1/2

[Event "Pepe Cuenca Invitational"]
[Site "chess24.com INT"]
[Date "2020.04.16"]
[EventDate "2020.04.12"]
[Round "3.3"]
[Result "1/2-1/2"]
[White "Jan-Krzysztof Duda"]
[Black "Peter Svidler"]
[WhiteElo "2753"]
[BlackElo "2723"]
[PlyCount "74"]

1. d4 Nf6 2. c4 g6 3. g3 c6 4. Bg2 d5 5. Qa4 dxc4 6. Qxc4 Bg7
7. Nf3 O-O 8. O-O Bf5 9. Nc3 Nbd7 10. Re1 Ne4 11. e3 Qa5
12. Nh4 Be6 13. Qd3 Nxc3 14. bxc3 Nb6 15. Nf3 Rac8 16. Bd2 c5
17. e4 Bc4 18. Qe3 Ba6 19. Qf4 Nc4 20. e5 Nxd2 21. Qxd2 cxd4
22. cxd4 Qxd2 23. Nxd2 b6 24. Re3 Rc2 25. Nb3 Rfc8 26. Be4
R2c3 27. Rae1 e6 28. f4 Bf8 29. Kf2 Bb4 30. Rxc3 Rxc3 31. Re3
Bc4 32. Rxc3 Bxc3 33. Ke3 a5 34. Bd3 Bd5 35. Be4 Bc4 36. Bd3
Bd5 37. Be4 Bc4 1/2-1/2

[Event "Pepe Cuenca Invitational"]
[Site "chess24.com INT"]
[Date "2020.04.16"]
[EventDate "2020.04.12"]
[Round "3.4"]
[Result "1/2-1/2"]
[White "Peter Svidler"]
[Black "Jan-Krzysztof Duda"]
[WhiteElo "2723"]
[BlackElo "2753"]
[PlyCount "47"]

1. c4 Nf6 2. Nc3 e6 3. e4 d5 4. e5 d4 5. exf6 dxc3 6. bxc3
Qxf6 7. d4 e5 8. Nf3 exd4 9. Bg5 Qe6+ 10. Be2 Be7 11. cxd4 O-O
12. O-O Bxg5 13. Nxg5 Qg6 14. f4 Nc6 15. Qd2 Re8 16. d5 Ne7
17. Rfe1 Bf5 18. Bf3 h6 19. Ne4 Rad8 20. Nc3 Bg4 21. Be4 Bf5
22. Bf3 Bg4 23. Be4 Bf5 24. Bf3 1/2-1/2

[Event "Pepe Cuenca Invitational"]
[Site "chess24.com INT"]
[Date "2020.04.16"]
[EventDate "2020.04.12"]
[Round "3.5"]
[Result "0-1"]
[White "Jan-Krzysztof Duda"]
[Black "Peter Svidler"]
[WhiteElo "2753"]
[BlackElo "2723"]
[PlyCount "82"]

1. d4 Nf6 2. c4 g6 3. Nc3 d5 4. cxd5 Nxd5 5. e4 Nxc3 6. bxc3
Bg7 7. Nf3 c5 8. Be3 Bg4 9. Qd2 cxd4 10. cxd4 Nc6 11. Rd1 O-O
12. Be2 Qa5 13. O-O Rfc8 14. h3 Bd7 15. d5 Qxd2 16. Rxd2 Na5
17. Bd4 b5 18. Rb1 a6 19. Ne5 Be8 20. f4 Nb7 21. Nf3 Nd6
22. Bd3 a5 23. Bxg7 Kxg7 24. Kf2 b4 25. Ne5 Rc3 26. h4 Rac8
27. Re1 Ra3 28. Bb1 Bb5 29. Nf3 Rcc3 30. e5 Nc4 31. Rd4 Ne3
32. d6 exd6 33. exd6 Nc2 34. Bxc2 Rxc2+ 35. Kg3 Raxa2 36. d7
Bxd7 37. Rxd7 Rxg2+ 38. Kh3 Rgf2 39. Kg3 Rg2+ 40. Kh3 Rgf2
41. Ng5 Ra3+ 0-1

[Event "Pepe Cuenca Invitational"]
[Site "chess24.com INT"]
[Date "2020.04.16"]
[EventDate "2020.04.12"]
[Round "3.6"]
[Result "0-1"]
[White "Peter Svidler"]
[Black "Jan-Krzysztof Duda"]
[WhiteElo "2723"]
[BlackElo "2753"]
[PlyCount "108"]

1. Nf3 Nf6 2. g3 d5 3. Bg2 e6 4. O-O Be7 5. d3 O-O 6. Nbd2 c5
7. e4 Nc6 8. Re1 b5 9. exd5 Nxd5 10. Ne4 Bb7 11. c3 Rc8
12. Bg5 h6 13. Bxe7 Qxe7 14. d4 cxd4 15. cxd4 Rfd8 16. Qe2 Nb6
17. Qxb5 Nxd4 18. Nxd4 Rxd4 19. Rad1 Rb4 20. Qe2 Bxe4 21. Bxe4
Na4 22. Rd2 Qf6 23. b3 Nc3 24. Qa6 Rc7 25. Bg2 Rd4 26. Rxd4
Qxd4 27. h4 Qd2 28. Re3 Nxa2 29. Be4 Nb4 30. Qb5 g6 31. Bxg6
Rc1+ 32. Kg2 Qd5+ 33. Qxd5 Nxd5 34. Re4 fxg6 35. Rxe6 Kf7
36. Ra6 Rc7 37. h5 gxh5 38. Rxh6 Nf6 39. Rh8 Rb7 40. Ra8 Nd7
41. Kh3 Nb8 42. Kh4 Kg6 43. f4 a6 44. g4 hxg4 45. Kxg4 Kf6
46. b4 Kg6 47. f5+ Kf6 48. Kf4 Rxb4+ 49. Ke3 Rb7 50. Ke4 Rb4+
51. Kd5 Kxf5 52. Kc5 Rb5+ 53. Kc4 Rb7 54. Kc5 Ke6 0-1

[Event "Pepe Cuenca Invitational"]
[Site "chess24.com INT"]
[Date "2020.04.16"]
[EventDate "2020.04.12"]
[Round "3.7"]
[Result "0-1"]
[White "Jan-Krzysztof Duda"]
[Black "Peter Svidler"]
[WhiteElo "2753"]
[BlackElo "2723"]
[PlyCount "120"]

1. Nf3 d5 2. d4 Bf5 3. c4 e6 4. Nc3 Nf6 5. Nh4 Bb4 6. cxd5
Qxd5 7. e3 c5 8. Bd2 Bxc3 9. bxc3 Nc6 10. Qb3 O-O 11. Qxd5
Nxd5 12. Nxf5 exf5 13. c4 Ndb4 14. Kd1 cxd4 15. exd4 Na6
16. d5 Ne5 17. Bc3 Rfe8 18. Rc1 Nc5 19. Bd4 Rac8 20. Rc3 Ne4
21. Rc2 b6 22. f3 Nd6 23. Bxe5 Rxe5 24. Bd3 Rc5 25. Kd2 Kf8
26. Rb1 g6 27. Rb3 Ra5 28. a3 Nb7 29. Rcc3 Nc5 30. Rb1 f4
31. Bc2 Ke7 32. Re1 Rxe1 33. Kxe1 Kd6 34. Kd2 Ke5 35. Kc1 Nb7
36. Kb2 Nd6 37. Bb3 Rc5 38. Rc1 Kf6 39. Kc3 h5 40. a4 g5
41. Re1 Rc7 42. Kb4 a5+ 43. Kc3 Nf5 44. Re2 Re7 45. Rd2 Re3+
46. Kb2 Ke5 47. Bc2 Nd6 48. Bd3 g4 49. fxg4 hxg4 50. Kc2 f5
51. Rf2 g3 52. hxg3 fxg3 53. Rd2 f4 54. Rd1 f3 55. gxf3 Rxf3
56. Re1+ Kd4 57. Be2 Rf2 58. Kd1 g2 59. Rg1 Ke3 60. Bh5 Rf1+
0-1

[Event "Pepe Cuenca Invitational"]
[Site "chess24.com INT"]
[Date "2020.04.16"]
[EventDate "2020.04.12"]
[Round "3.8"]
[Result "1-0"]
[White "Peter Svidler"]
[Black "Jan-Krzysztof Duda"]
[WhiteElo "2723"]
[BlackElo "2753"]
[PlyCount "73"]

1. c4 e5 2. g3 g6 3. Bg2 Bg7 4. Nc3 Ne7 5. d3 O-O 6. e4 Nbc6
7. Nge2 d6 8. h3 f5 9. Be3 Be6 10. Nd5 Qd7 11. Qd2 a6 12. Rc1
Rf7 13. Bh6 fxe4 14. dxe4 Raf8 15. Bxg7 Kxg7 16. f4 Kg8 17. b3
b5 18. c5 exf4 19. Nexf4 Ne5 20. cxd6 Qxd6 21. Nxc7 Qxd2+
22. Kxd2 Bd7 23. Rhf1 g5 24. Nd3 Nxd3 25. Kxd3 Nc6 26. Rxf7
Rxf7 27. Ke3 Kg7 28. Nxa6 h5 29. Nc5 Ne5 30. Kd4 Nc6+ 31. Kd5
Nb4+ 32. Kd6 Bc8 33. a3 Rf6+ 34. Kc7 Rc6+ 35. Kd8 Na2 36. Rc2
Kf8 37. e5 1-0

[Event "Pepe Cuenca Invitational"]
[Site "chess24.com INT"]
[Date "2020.04.16"]
[EventDate "2020.04.12"]
[Round "3.9"]
[Result "1-0"]
[White "Jan-Krzysztof Duda"]
[Black "Peter Svidler"]
[WhiteElo "2753"]
[BlackElo "2723"]
[PlyCount "57"]

1. b3 e5 2. Bb2 Nc6 3. e3 Nf6 4. c4 g6 5. Nf3 d6 6. d4 exd4
7. Nxd4 Bg7 8. Nxc6 bxc6 9. Be2 O-O 10. Bf3 d5 11. O-O Rb8
12. Nd2 a5 13. Rc1 Bf5 14. Bc3 a4 15. bxa4 Qd6 16. Bd4 Rfd8
17. Nb3 Qa3 18. cxd5 Nxd5 19. Bxg7 Nxe3 20. Qe1 Nxf1 21. Ba1
Nd2 22. Nxd2 Re8 23. Qf1 Qxa2 24. Nc4 Rbd8 25. Ne5 Rd2
26. Bxc6 Red8 27. Bb5 Bc2 28. Bc4 Qa3 29. Nxf7 1-0

[Event "Pepe Cuenca Invitational"]
[Site "chess24.com INT"]
[Date "2020.04.16"]
[EventDate "2020.04.12"]
[Round "3.10"]
[Result "0-1"]
[White "Peter Svidler"]
[Black "Jan-Krzysztof Duda"]
[WhiteElo "2723"]
[BlackElo "2753"]
[PlyCount "60"]

1. e4 c5 2. Nf3 d6 3. Bb5+ Nd7 4. O-O a6 5. Bxd7+ Bxd7 6. d4
cxd4 7. Qxd4 e5 8. Qd3 h6 9. c4 b5 10. Nc3 bxc4 11. Qxc4 Nf6
12. Be3 Be7 13. h3 O-O 14. Rfd1 Qb8 15. Qe2 Rc8 16. Rac1 Qb7
17. Qc2 Bc6 18. Nd2 d5 19. exd5 Nxd5 20. Qb3 Nxc3 21. Qxb7
Ne2+ 22. Kf1 Bxb7 23. Kxe2 Bxg2 24. Nc4 e4 25. Nb6 Rxc1
26. Rxc1 Rd8 27. Rc8 Bxh3 28. Rxd8+ Bxd8 29. Nd5 Be6 30. Nc3
f5 0-1

[Event "Pepe Cuenca Invitational"]
[Site "chess24.com INT"]
[Date "2020.04.16"]
[EventDate "2020.04.12"]
[Round "3.11"]
[Result "0-1"]
[White "Jan-Krzysztof Duda"]
[Black "Peter Svidler"]
[WhiteElo "2753"]
[BlackElo "2723"]
[PlyCount "90"]

1. b3 Nf6 2. Bb2 g6 3. Bxf6 exf6 4. c4 Bg7 5. Nc3 f5 6. Rc1 d6
7. g3 O-O 8. Bg2 Nc6 9. e3 Nb4 10. d4 a5 11. Nge2 c6 12. h4
Qe7 13. a3 Na6 14. Nf4 Nc7 15. Kf1 Ne6 16. Nd3 Bd7 17. Bf3
Rab8 18. b4 axb4 19. axb4 Nc7 20. Kg2 Be6 21. c5 Bc4 22. Nb2
Ba6 23. cxd6 Qxd6 24. Qb3 Rfe8 25. Nba4 Ne6 26. Nc5 Nxc5
27. bxc5 Qd8 28. Rhd1 h5 29. Ra1 Qc7 30. Ra4 Rbd8 31. Rb4 Re7
32. d5 Qe5 33. d6 Red7 34. Na4 Bb5 35. Rxb5 cxb5 36. Qxb5 Rxd6
37. Rxd6 Rxd6 38. Qxb7 Rd2 39. Qb3 Bh6 40. Kg1 Qa1+ 41. Kh2
Qe1 42. Bg2 Qxf2 43. Qb8+ Kg7 44. Qb7 Bxe3 45. Nb6 f4 0-1

[Event "FIDE Chess.com Online Nations Cup"]
[Site "chess.com INT"]
[Date "2020.05.06"]
[EventDate "2020.05.05"]
[Round "3.2"]
[Result "1/2-1/2"]
[White "Pentala Harikrishna"]
[Black "Jan-Krzysztof Duda"]
[WhiteElo "2719"]
[BlackElo "2753"]
[PlyCount "111"]

1. d4 Nf6 2. c4 e6 3. g3 d5 4. Bg2 dxc4 5. Nf3 a6 6. Ne5 Bb4+
7. Nc3 Nd5 8. Bd2 b5 9. O-O Bxc3 10. bxc3 Bb7 11. e4 Nf6
12. Bg5 Nbd7 13. Nxd7 Qxd7 14. Bxf6 gxf6 15. Qh5 O-O-O
16. Rfb1 Qe7 17. a4 c6 18. d5 Rhg8 19. dxc6 Bxc6 20. axb5 axb5
21. Rxb5 Rg5 22. Rxg5 fxg5 23. Qxh7 e5 24. Qf5+ Kc7 25. Bf1 f6
26. Bxc4 Qc5 27. Bf1 Qxc3 28. Ra7+ Kb6 29. Ra6+ Kb7 30. Qxf6
Rd1 31. Qe7+ Kb8 32. Rxc6 Qxc6 33. Qxe5+ Kb7 34. Kg2 Re1
35. Bd3 Qc1 36. Qd5+ Kc7 37. e5 Qc6 38. Qxc6+ Kxc6 39. Kf3
Rxe5 40. Kg4 Kd6 41. Bf5 Re2 42. f3 Rf2 43. Be4 Rxh2 44. Kxg5
Rg2 45. Kf4 Ke6 46. g4 Kf6 47. Bf5 Rg1 48. Ke3 Re1+ 49. Kf2
Rh1 50. f4 Rh3 51. Be4 Ra3 52. Bf3 Ra2+ 53. Kg3 Ra3 54. Kf2
Ra4 55. Kg3 Ra3 56. Kf2 1/2-1/2

[Event "FIDE Chess.com Online Nations Cup"]
[Site "chess.com INT"]
[Date "2020.05.07"]
[EventDate "2020.05.05"]
[Round "6.1"]
[Result "1/2-1/2"]
[White "Sergey Karjakin"]
[Black "Jan-Krzysztof Duda"]
[WhiteElo "2752"]
[BlackElo "2753"]
[PlyCount "51"]

1. e4 e6 2. d4 d5 3. exd5 exd5 4. Nf3 Nc6 5. Nc3 Bb4 6. Bd3
Nge7 7. O-O O-O 8. h3 Bf5 9. Ne2 Bd6 10. c3 Bxd3 11. Qxd3 Ng6
12. Bd2 Qd7 13. Rae1 Rae8 14. Ng3 Bxg3 15. fxg3 a6 16. g4 Rxe1
17. Rxe1 Re8 18. Qf5 Rxe1+ 19. Bxe1 Qd8 20. Ng5 Qe8 21. Bg3 h6
22. Nf3 Nce7 23. Qd3 Qd7 24. Qe2 Nc8 25. g5 hxg5 26. Nxg5
1/2-1/2

[Event "FIDE Chess.com Online Nations Cup"]
[Site "chess.com INT"]
[Date "2020.05.08"]
[EventDate "2020.05.05"]
[Round "7.3"]
[Result "1-0"]
[White "Yu Yangyi"]
[Black "Jan-Krzysztof Duda"]
[WhiteElo "2709"]
[BlackElo "2753"]
[PlyCount "67"]

1. d4 Nf6 2. c4 e6 3. Nc3 Bb4 4. e3 O-O 5. Ne2 Re8 6. a3 Bf8
7. Ng3 d5 8. Be2 b6 9. O-O Bb7 10. cxd5 exd5 11. b4 Nbd7
12. Qb3 c6 13. f3 a5 14. Rb1 b5 15. e4 Nb6 16. e5 Nfd7 17. f4
Nc4 18. Kh1 Qb6 19. Qd1 Nb8 20. f5 Na6 21. Bxc4 dxc4 22. Qg4
Red8 23. Be3 axb4 24. axb4 Nxb4 25. Rxb4 Ra3 26. Nge4 Rxc3
27. Nxc3 Bxb4 28. Bh6 g6 29. fxg6 hxg6 30. e6 Qxd4 31. Ne4 Qd3
32. exf7+ Kh7 33. Ng5+ Kh8 34. Bg7+ 1-0